000 nam a22 7a 4500
999 _c29972
_d29972
008 181129b xxu||||| |||| 00| 0 eng d
020 _a9781107645462
050 _aP 306 .C65 2015
100 _aColina, Sonia.
245 _aFundamentals of translation/
260 _aUnited Kingdom:
_bCambridge University Press,
_c2015.
300 _axxv, 310p.:
_bill.;
_c24 cm.
504 _aIncludes index.
650 _aTranslating and interpreting.
942 _2lcc
_cBOOKS
_hP 306 .C65 2015